Edwin Arlington Robinson /

A collection of nine critical essays discussing the American poet, arranged in chronological order of their original publication.

Bibliographic Details
Other Authors: Bloom, Harold
Format: Book
Language:English
Published: New York : Chelsea House Publishers, 1988.
Series:Modern critical views.
Subjects:

MARC

Tag First Indicator Second Indicator Subfields
LEADER 00000cam a22000008a 4500
001 in00000013978
005 20151007052118.0
008 870420s1988 nyu b 00100 eng
010 |a  87010085  
020 |a 1555463223 (alk. paper) :  |c $19.95 
035 |a (OCoLC)15792513 
035 |9 AAA6325AM 
040 |a DLC  |c DLC  |d TXA  |d UtOrBLW 
049 |a TXAM  |c [A11484662] 
050 0 0 |a PS3535.O25  |b Z652 1988 
082 0 |a 811/.52  |2 19 
245 0 0 |a Edwin Arlington Robinson /  |c edited and with an introduction by Harold Bloom. 
263 |a 8803 
264 1 |a New York :  |b Chelsea House Publishers,  |c 1988. 
300 |a vii, 172 pages 
336 |a text  |b txt  |2 rdacontent 
337 |a unmediated  |b n  |2 rdamedia 
338 |a volume  |b nc  |2 rdacarrier 
490 1 |a Modern critical views 
504 |a Bibliography: pages 161-163. 
500 |a Includes index. 
520 |a A collection of nine critical essays discussing the American poet, arranged in chronological order of their original publication. 
600 1 0 |a Robinson, Edwin Arlington,  |d 1869-1935  |x Criticism and interpretation. 
650 0 |a American literature  |x History and criticism. 
700 1 |a Bloom, Harold. 
830 0 |a Modern critical views. 
999 |a MARS 
999 f f |s 9a6d2235-363c-3d92-b520-f035b0fe34e7  |i 22cc803a-ffe9-3271-8b3e-f1f44f97bc5c  |t 0 
952 f f |p ric  |a Texas A&M University  |b Rellis Campus  |c Joint Library Facility  |d Remote Storage  |t 0  |e PS3535.O25 Z652 1988  |h Library of Congress classification  |i unmediated -- volume  |m A14811484662 
998 f f |a PS3535.O25 Z652 1988  |t 0  |l Remote Storage